The Myths and Legends of Ancient Greece and Rome / (Record no. 3296)

MARC details
000 -LEADER
fixed length control field 00963nam a22001697a 4500
005 - DATE AND TIME OF LATEST TRANSACTION
control field 20240223163224.0
040 ## - CATALOGING SOURCE
Original cataloging agency FISK
Language of cataloging eng
Transcribing agency FISK
Modifying agency FISK
050 ## - LIBRARY OF CONGRESS CALL NUMBER
Classification number BL720.B47
082 ## - DEWEY DECIMAL CLASSIFICATION NUMBER
Classification number 292.2
100 ## - MAIN ENTRY--PERSONAL NAME
Personal name Berens E.M
Dates associated with a name 1855-1934
245 ## - TITLE STATEMENT
Title The Myths and Legends of Ancient Greece and Rome /
Statement of responsibility, etc. by E.M Berens
260 ## - PUBLICATION, DISTRIBUTION, ETC.
Place of publication, distribution, etc. London :
Name of publisher, distributor, etc. William Colins,
Date of publication, distribution, etc. 2016
300 ## - PHYSICAL DESCRIPTION
Extent 347 pages :
Dimensions 18 cm
520 ## - SUMMARY, ETC.
Summary, etc. This book gives the reader a knowledge of a huge number of myths and legends of the classicial civilisation era. Including sections on Greek and Roman Gods, Minor Deities, Heroes and the practices of the time, it also includes a large number of illustrations. This version has been specially formatted for today's e-readers, and is a fantastic addition to any eBook collection. Whether you are a student of ancient history, or just want to know more about Zeus, Saturn, Icarus and the like, then this is a must-have read.
942 ## - ADDED ENTRY ELEMENTS (KOHA)
Source of classification or shelving scheme Dewey Decimal Classification
Koha item type Books
Suppress in OPAC No
999 ## -
-- 3296
-- 3296
Holdings
Withdrawn status Lost status Source of classification or shelving scheme Damaged status Not for loan Collection Home library Current library Shelving location Date acquired Total Checkouts Full call number Barcode Date last seen Copy number Price effective from Koha item type
    Dewey Decimal Classification     Non-Fiction Footprints International School Library Network Toul Kork Campus Footprints International School Library Network Toul Kork Campus   02/23/2024   BER BL720.B47 292.2 2024-0102 02/23/2024 1 02/23/2024 Books